LEADER 01554nam a2200337 a 4500 001 000000109139 003 CaOOAMICUS 005 20220218091424.0 008 080118s2006 it d 001 0 ita d 032 $aLibriCat 040 $aPUG$bita$dBc 130 0 $aDictionary of Biblical Imagery.$lItaliano.$0(OLS)http://pul/title/118638 245 13$aLe immagini bibliche :$bsimboli, figure retoriche e temi letterari della Bibbia /$ca cura di Leland Ryken, James C. Wilhoit, Tremper Longman III. 250 $aEdizione italiana a cura di Marco Zappella 260 $aCinisello Balsamo :$bSan Paolo,$cc2006.. 300 $axxxii, 1634 p. ;$c25 cm. 490 1 $aDizionari San Paolo 500 $aTesto su due colonne 504 $aContiene riferimenti bibliografici e indice 630 04$aBiblia$xDizionari.$0(OLS)http://pul/subject/2354 700 1 $aRyken, Leland.$0(OLS)http://pul/name/66831 700 1 $aLongman, Tremper.$0(OLS)http://pul/name/66832 700 1 $aZappella, Marco.$0(OLS)http://pul/name/24522 700 1 $aWilhoit, James C.$0(OLS)http://pul/name/66830 830 0$aDizionari San Paolo.$0(OLS)http://pul/title/39764 850 $aPUL 852 $aPUL$W1$xSL Religione 3$y85$m220. 4 RYKLE 1$j115681$qDDC 21$B123416$CPULBib$Z2$F123416 $H100606 $82 941 1 $a9 996 $6245$aLe immagini bibliche :$bsimboli, figure retoriche e temi letterari della Bibbia$9(OLS)http://pul/title/137304 996 $6260$aCinisello Balsamo :$bSan Paolo$9(OLS)http://pul/publisher/54577 LEADER 01267nam a2200301 a 4500 001 000000121751 003 CaOOAMICUS 005 20100514120639.0 008 100514t2010 it u000 ubita r 020 $a978-88-215-6680-6 040 $aPUL$bita$dReb 082 04$a223.2 100 1 $aBarsotti, Divo,$csac.,$d1914-$0(OLS)http://pul/name/2218 245 10$aIntroduzione ai Salmi /$cDivo Barsotti ; prefazione di Luca Mazzinghi. 260 $aCinisello Balsamo :$bSan Paolo,$cİ2010. 300 $a265 p. ;$c21 cm. 490 1 $aAzione e vita Divo Barsotti 504 $aBibliografia in nota. 630 04$aBiblia.$pV.T.$pPsalmi.$0(OLS)http://pul/subject/1292 700 1 $aMazzinghi, Luca,$csac.,$d1960-$0(OLS)http://pul/name/22627 830 0$aAzione e vita Divo Barsotti.$0(OLS)http://pul/title/146151 850 $aPUL 852 $aPUL$W1$xSL Religione 3$y85$m223. 2 BARDI 1$j139736$qDDC 21$B138930$CPULBib$Z2$F138930 $H113730 $82 941 1 $a9 996 $6020$a978-88-215-6680-6$9(OLS)http://pul/number/144208 996 $6082$a223.2$9(OLS)http://pul/classification/536 996 $6245$aIntroduzione ai Salmi$9(OLS)http://pul/title/153179 996 $6260$aCinisello Balsamo :$bSan Paolo$9(OLS)http://pul/publisher/54577